| 000 | 00800nam a2200121Ia 4500 | ||
|---|---|---|---|
| 008 | 220620s9999||||xx |||||||||||||| ||und|| | ||
| 100 | _aNicholson, David | ||
| 245 | 0 | _aEnvironmental dispute resolution in Indonesia | |
| 546 | _aEnglish[eng] | ||
| 650 | _adispute settlement||indonesie||onderzoek||case studies||indonesia||district rechtbank||milieuwetgeving||environmental law||trials||milieubescherming||environmental protection||rechtszaak||district courts||geschilovereenkomst||Lawsuit||Mediation||Semarang||The Indonesian Forum for Environment||Waste management | ||
| 856 | _uhttps://library.oapen.org/bitstream/20.500.12657/34653/1/379132.pdf||https://library.oapen.org/bitstream/20.500.12657/34653/1/379132.pdf||https://library.oapen.org/bitstream/20.500.12657/34653/1/379132.pdf | ||
| 942 | _cEB | ||
| 999 |
_c29474 _d29474 |
||